Statistics for Artists That Have Worked with Pusha T

Click here to take the quiz!

General Stats

  • This quiz has been taken 8 times
    (7 since last reset)
  • The average score is 11 of 61

Answer Stats

Artist% Correct
Kanye West
100%
Kendrick Lamar
71%
2 Chainz
57%
Linkin Park
57%
Pharrell Williams
57%
Travis Scott
57%
Big Sean
43%
Jay-Z
43%
Kid Cudi
43%
Meek Mill
43%
Rick Ross
43%
Don Toliver
29%
Jadakiss
29%
Lil Uzi Vert
29%
Machine Gun Kelly
29%
MALICE
29%
Ms. Lauryn Hill
29%
Stormzy
29%
Swizz Beatz
29%
The-Dream
29%
50 Cent
14%
Ab Liva
14%
Anderson.Paak
14%
Benny the Butcher
14%
Black Thought
14%
Chris Brown
14%
Clipse
14%
Fabolous
14%
Fefe Dobson
14%
Freddie Gibbs
14%
Future
14%
Jeezy
14%
Labrinth
14%
Logic
14%
Nigo
14%
Royce Da 5'9
14%
August Alsina
0%
Cordae
0%
Flume
0%
French Montana
0%
iShi
0%
Janine
0%
Joey Bada$$
0%
Kash Doll
0%
Kevin Cossom
0%
Madlib
0%
Miller Like
0%
Moody Good
0%
Nicholas Britell
0%
Omarion
0%
Pixie Lott
0%
Popcaan
0%
Pop Smoke
0%
Skrillex
0%
Symba
0%
The Game
0%
TrollPhace
0%
Valee
0%
Vic Mensa
0%
Yogi
0%
Yo Gotti
0%

Score Distribution

Percentile by Number Answered

Percent of People with Each Score

Your Score History

You have not taken this quiz since the last reset